[Event "Oberfranken-ch U14"]
[White "Schoberth, Max"]
[Black "Timm, Leon"]
[Site "Schney"]
[Round "5"]
[Result "1-0"]
[Date "2015.01.05"]
[WhiteElo "1164"]
[BlackElo "1098"]
[PlyCount "63"]
[EventDate "2015.01.03"]
[EventType "swiss"]
[EventRounds "7"]
[EventCountry "GER"]
[SourceTitle "CBM 164 Extra"]
[Source "ChessBase"]
[SourceDate "2015.03.02"]
[SourceVersion "1"]
[SourceVersionDate "2015.03.02"]
[SourceQuality "1"]

1. e4 e5 2. Nf3 Nc6 3. d4 f6 4. Nc3 Bb4 5. dxe5 Bxc3+ 6. bxc3 fxe5 7. Bb5 d6 8. Bxc6+ bxc6 9. Bg5 Nf6 10. 0-0 Bg4 11. Rb1 0-0 12. Re1 Qe8 13. Re3 Qh5 14. Bxf6 Rxf6 15. Rb7 Rf7 16. Kf1 Qg6 17. Qd3 Rf4 18. Rxc7 c5 19. Rc6 Rd8 20. c4 Qe6 21. Ng5 Qd7 22. Qd5+ Kf8 23. Ra6 Rf6 24. Nxh7+ Ke7 25. Nxf6 Qc8 26. Rc6 Qb7 27. Nxg4 Qd7 28. Rf3 Ke8 29. Nxe5 Rb8 30. Qg8+ Ke7 31. Qf7+ Kd8 32. Qxd7# 1-0

[Event "Oberfranken-ch U14"]
[White "Schoberth, Max"]
[Black "Hoeppel, Lukas"]
[Site "Schney"]
[Round "3"]
[Result "1-0"]
[Date "2015.01.04"]
[WhiteElo "1164"]
[BlackElo "862"]
[PlyCount "65"]
[EventDate "2015.01.03"]
[EventType "swiss"]
[EventRounds "7"]
[EventCountry "GER"]
[SourceTitle "CBM 164 Extra"]
[Source "ChessBase"]
[SourceDate "2015.03.02"]
[SourceVersion "1"]
[SourceVersionDate "2015.03.02"]
[SourceQuality "1"]

1. e4 e5 2. Nf3 Nc6 3. d4 Nf6 4. Bg5 Qe7 5. Bb5 h6 6. Bxc6 bxc6 7. Bxf6 gxf6 8. dxe5 fxe5 9. Qd3 Bg7 10. Nc3 0-0 11. 0-0 d6 12. h3 Rb8 13. Rab1 Rb6 14. Rfe1 Ba6 15. Qe3 c5 16. Nd5 Qd7 17. Nxb6 axb6 18. Qa3 Bb7 19. Qc3 Bc6 20. Rbd1 Qe6 21. Qa3 Ra8 22. Qb3 Qd7 23. a3 Ba4 24. Qc3 Bb5 25. Nh4 Bf6 26. Nf5 Kh7 27. Re3 Ra4 28. Rde1 Rc4 29. Qd2 Bg5 30. h4 Bxe3 31. Qxe3 Rxc2 32. Qxh6+ Kg8 33. Qg7# 1-0

[Event "Oberfranken-ch U14"]
[White "Galstyan, Spartak"]
[Black "Schoberth, Max"]
[Site "Schney"]
[Round "2"]
[Result "1-0"]
[Date "2015.01.03"]
[WhiteElo "1697"]
[BlackElo "1164"]
[PlyCount "49"]
[EventDate "2015.01.03"]
[EventType "swiss"]
[EventRounds "7"]
[EventCountry "GER"]
[SourceTitle "CBM 164 Extra"]
[Source "ChessBase"]
[SourceDate "2015.03.02"]
[SourceVersion "1"]
[SourceVersionDate "2015.03.02"]
[SourceQuality "1"]

1. e4 e5 2. Nf3 Nc6 3. Bc4 Nf6 4. d3 Bc5 5. 0-0 0-0 6. c3 d6 7. h3 h6 8. Re1 Re8 9. Nbd2 Be6 10. Bb5 Qd7 11. d4 exd4 12. cxd4 Bb4 13. d5 Bxh3 14. gxh3 Qxh3 15. dxc6 Qg4+ 16. Kh1 Qh5+ 17. Nh2 Qxb5 18. cxb7 Qxb7 19. Qf3 Nxe4 20. Nxe4 Bxe1 21. Nf6+ Kh8 22. Qxb7 Rab8 23. Qxc7 Rec8 24. Qxf7 Ra8 25. Bxh6 1-0